000 01317nam a2200337 c 4500
999 _c29635
_d29635
003 BLK
005 20220224162823.0
008 180407b bul|||||r ||||||| ||bul||
010 _aKNG00032255000
020 _a954-8952-26-2
040 _aBLK
041 _aBUL
_cBUL
072 7 _2bullib
_aЯ
_xАвтографи
072 7 _2bullib
_aРА
_xРусенски автори
080 _aБългарска литература
_b821.163.2
_x-1
_z821.163.2-1
100 1 _aВлайкова, Елена Методиева
_eпърви автор
_gБогданова-Влайкова, Елена Методиева
_9258265
139 _aВлайкова, Елена Методиева
_bВ 71
245 1 0 _aЗарът е хвърлен
_bСтихотворения
_cЕлена Методиева Влайкова; * Елена Методиева Богданова-Влайкова.
257 _aBGR
260 _bИзд. авт.
_c2000
300 _a48 с.
_c20 см
380 _aX
659 _aК
659 _aЯ
700 1 _aБогданова-Влайкова, Елена Методиева
_e*
_9366449
852 _aЦб 204975
852 _aК 821.163.2/В 71 Е
856 4 _qpdf
856 4 _qpdf
942 _cKNG
_n0
_s1
944 _aCR
_c15.01.2003
_kРенета_Константинова
944 _aED
_c24.10.2014
999 _d29635